Formirovanije obščesojuznych rynočnych svjazej.
Ekonomické nástroje na veľkom trhu (ochrana výrobcov, jednotná investičná politika, daňová a banková politika). Pasívne saldo vo vzájomných dodávkach u väčšiny zväzových republík. Zmeny vo vzájomných bilanciách pri prechode na trhové vzťahy. Zmeny vzťahov výrobcov a spotrebiteľov. Nositelia trhových...
Salvato in:
| Autore principale: | |
|---|---|
| Natura: | Capitolo di libro |
| Lingua: | russo |
| Soggetti: | |
| Tags: |
Nessun Tag, puoi essere il primo ad aggiungerne!!
|
MARC
| LEADER | 00000naa a2200000 4500 | ||
|---|---|---|---|
| 001 | r003544 | ||
| 005 | 20221130103753.9 | ||
| 041 | 0 | |a rus | |
| 044 | |a [SU] | ||
| 245 | 1 | 0 | |a Formirovanije obščesojuznych rynočnych svjazej. |c M. Gorškov |
| 520 | |a Ekonomické nástroje na veľkom trhu (ochrana výrobcov, jednotná investičná politika, daňová a banková politika). Pasívne saldo vo vzájomných dodávkach u väčšiny zväzových republík. Zmeny vo vzájomných bilanciách pri prechode na trhové vzťahy. Zmeny vzťahov výrobcov a spotrebiteľov. Nositelia trhových vzťahov. | ||
| 610 | 2 | 0 | |a vzťahy trhové |
| 610 | 2 | 0 | |a nástroje ekonomické |
| 610 | 2 | 0 | |a výroba-obchod |
| 610 | 2 | 0 | |a odberatelia |
| 610 | 2 | 0 | |a ZSSR |
| 610 | 2 | 0 | |a regióny |
| 610 | 2 | 0 | |a politika investičná |
| 610 | 2 | 0 | |a politika daňová |
| 610 | 2 | 0 | |a bilancia obchodná |
| 100 | 1 | |a Gorškov, M. | |